000 01603nam a2200445 a 4500
001 21365
003 VRT
005 20260227154253.0
008 181127s1956 xo 000 slo
015 _aSKSNBA1957/02-00319
035 _aSK01SNK19570003896
035 _aSKM000006359
039 9 _a201811270913
_bVLOAD
_c201510260957
_dAUTHORITY
_c201510260957
_dcsnk10
040 _aSNK
_bslo
_cSNK
_eAACR2
041 1 _aslo
_hger
044 _axo
_cSK
080 _a82:929:830
_21981
080 _a830:929
_21981
100 1 _aHeine, Heinrich,
_d1797-1856
_4aut
240 1 0 _aHeines Werke
_lSlovensky
245 1 0 _aPlameň a kvety
_bvýber z poézie Heinricha Heineho ; z nem pôv. Heines Werke ... prel. M.M. Dedinský, Július Lenko
260 _aBratislava
_bSVKL
_c1956
_eRužomberok
_fSeveroslovenské tlačiarne
300 _a554, [1] s.
_c
490 1 _aEdícia svetových klasikov
_vzv. 72
500 _aFrontišpice
563 _a2200 výtl.
600 1 7 _aHeine, Heinrich,
_d1797-1856
_2SNKMA
655 7 _aumelecká literatúra
_2SNKPH
700 1 _aMittelmann-Dedinský, Móric,
_d1914-1989
_4aui
_4trl
700 1 _aLenko, Július,
_d1914-2000
_4trl
730 _aHeines Werke
830 0 _aEdícia svetových klasikov
910 _akis3gmm
942 _2ddc
_cKLDO
_n0
949 _6273K0355423
_asvkpoA 19490
_bsvkpo45958
949 _617A0495038
_asnkSD 12494/1
_bsnkKSP 67/57
949 _6273K0355424
_asvkpoA 19490a
_bsvkpo181417
999 _c21365
_d21365